[Event "TeamRussiamenrapid"]
[Site "?"]
[Date "2016.10.05"]
[Round "2.20"]
[White "Usmanov, Vasily"]
[Black "Severina, Maria"]
[Result "1/2-1/2"]
[LiveChessVersion "1.4.4"]
[BlackElo "2226"]
[WhiteElo "2443"]

1. d4 {[%clk 0:15:14]} Nf6 {[%clk 0:15:19]} 2. c4 {[%clk 0:15:22]} e6
{[%clk 0:15:28]} 3. Nf3 {[%clk 0:15:31]} b6 {[%clk 0:15:37]} 4. a3
{[%clk 0:15:39]} Bb7 {[%clk 0:15:45]} 5. Nc3 {[%clk 0:15:47]} Ne4
{[%clk 0:15:37]} 6. Nxe4 {[%clk 0:14:42]} Bxe4 {[%clk 0:15:45]} 7. e3
{[%clk 0:14:46]} Be7 {[%clk 0:15:28]} 8. Be2 {[%clk 0:14:54]} O-O
{[%clk 0:15:11]} 9. O-O {[%clk 0:14:59]} c5 {[%clk 0:14:22]} 10. Nd2
{[%clk 0:14:43]} Bc6 {[%clk 0:14:10]} 11. Bd3 {[%clk 0:11:38]} cxd4
{[%clk 0:12:33]} 12. exd4 {[%clk 0:11:45]} d5 {[%clk 0:12:41]} 13. Qg4
{[%clk 0:10:02]} Nd7 {[%clk 0:08:48]} 14. Rd1 {[%clk 0:08:09]} Nf6
{[%clk 0:08:56]} 15. Qe2 {[%clk 0:08:08]} Rc8 {[%clk 0:08:39]} 16. b3
{[%clk 0:08:13]} dxc4 {[%clk 0:08:04]} 17. Nxc4 {[%clk 0:08:20]} Qd5
{[%clk 0:07:16]} 18. Qf1 {[%clk 0:05:46]} g6 {[%clk 0:05:39]} 19. Ne5
{[%clk 0:04:46]} Qxd4 {[%clk 0:03:59]} 20. Nxc6 {[%clk 0:04:51]} Rxc6
{[%clk 0:04:06]} 21. Bh6 {[%clk 0:05:00]} Qb2 {[%clk 0:03:32]} 22. Bxf8
{[%clk 0:04:51]} Bxf8 {[%clk 0:03:41]} 23. b4 {[%clk 0:04:57]} Rc3
{[%clk 0:03:07]} 24. Qe2 {[%clk 0:04:46]} Qb3 {[%clk 0:02:41]} 25. Be4
{[%clk 0:04:29]} Rc8 {[%clk 0:01:43]} 26. Qf3 {[%clk 0:04:23]} Qxf3
{[%clk 0:01:47]} 27. Bxf3 {[%clk 0:04:32]} a5 {[%clk 0:01:44]} 28. b5
{[%clk 0:04:20]} Kg7 {[%clk 0:01:44]} 29. Bc6 {[%clk 0:04:26]} Bc5
{[%clk 0:01:47]} 30. h3 {[%clk 0:04:32]} h5 {[%clk 0:01:35]} 31. Kf1
{[%clk 0:04:39]} h4 {[%clk 0:01:41]} 32. Rd3 {[%clk 0:04:44]} g5 {[%clk 0:01:49]}
33. Rc1 {[%clk 0:04:52]} Be7 {[%clk 0:01:47]} 34. Rc4 {[%clk 0:04:53]} Nh5
{[%clk 0:00:59]} 35. a4 {[%clk 0:04:34]} f5 {[%clk 0:01:09]} 36. Rd7
{[%clk 0:04:24]} Kf6 {[%clk 0:01:18]} 37. Rb7 {[%clk 0:04:05]} Bc5
{[%clk 0:01:21]} 38. Rc1 {[%clk 0:03:41]} Rd8 {[%clk 0:01:21]} 39. Rd7
{[%clk 0:03:42]} Rg8 {[%clk 0:01:24]} 40. Ra7 {[%clk 0:02:56]} Nf4
{[%clk 0:01:08]} 41. Rd1 {[%clk 0:02:49]} g4 {[%clk 0:00:47]} 42. hxg4
{[%clk 0:02:54]} fxg4 {[%clk 0:00:53]} 43. Rh7 {[%clk 0:02:43]} h3
{[%clk 0:00:57]} 44. gxh3 {[%clk 0:02:12]} gxh3 {[%clk 0:00:57]} 45. Rdd7
{[%clk 0:02:15]} Rf8 {[%clk 0:00:32]} 46. Bf3 {[%clk 0:01:59]} Ke5
{[%clk 0:00:28]} 47. Rh4 {[%clk 0:01:38]} Rf6 {[%clk 0:00:16]} 48. Rg7
{[%clk 0:01:38]} Kd6 {[%clk 0:00:18]} 49. Rgg4 {[%clk 0:01:38]} Ng6
{[%clk 0:00:16]} 50. Rxh3 {[%clk 0:01:24]} Ne5 {[%clk 0:00:25]} 51. Rgg3
{[%clk 0:01:25]} Nd3 {[%clk 0:00:22]} 52. Rh2 {[%clk 0:01:10]} Rf4
{[%clk 0:00:31]} 53. Ke2 {[%clk 0:01:12]} Ne5 {[%clk 0:00:32]} 54. Rh1
{[%clk 0:00:58]} Rxa4 {[%clk 0:00:41]} 55. Rd1+ {[%clk 0:01:08]} Ke7
{[%clk 0:00:42]} 1/2-1/2

[Event "TeamRussiamenrapid"]
[Site "?"]
[Date "2016.10.05"]
[Round "3.1"]
[White "Artemiev, Vladislav"]
[Black "Savchenko, Boris"]
[Result "1-0"]
[LiveChessVersion "1.4.4"]
[BlackElo "2676"]
[WhiteElo "2701"]

1. d4 {[%clk 0:14:53]} Nf6 {[%clk 0:15:15]} 2. Nf3 {[%clk 0:14:43]} e6
{[%clk 0:15:17]} 3. Bf4 {[%clk 0:14:19]} c5 {[%clk 0:15:24]} 4. e3
{[%clk 0:14:26]} d5 {[%clk 0:15:28]} 5. Nbd2 {[%clk 0:14:30]} Nc6
{[%clk 0:15:24]} 6. c3 {[%clk 0:14:38]} Bd6 {[%clk 0:15:29]} 7. Bg3
{[%clk 0:14:46]} O-O {[%clk 0:15:29]} 8. Bd3 {[%clk 0:14:54]} b6 {[%clk 0:15:36]}
9. Qe2 {[%clk 0:15:01]} Bb7 {[%clk 0:15:25]} 10. Rd1 {[%clk 0:15:09]} Qe7
{[%clk 0:13:27]} 11. e4 {[%clk 0:13:26]} dxe4 {[%clk 0:13:23]} 12. Nxe4
{[%clk 0:13:30]} Nxe4 {[%clk 0:13:24]} 13. Bxe4 {[%clk 0:13:36]} cxd4
{[%clk 0:12:45]} 14. Bxd6 {[%clk 0:08:57]} Qxd6 {[%clk 0:12:53]} 15. Nxd4
{[%clk 0:09:04]} Qc5 {[%clk 0:11:54]} 16. Qb5 {[%clk 0:05:40]} Qxb5
{[%clk 0:11:38]} 17. Nxb5 {[%clk 0:05:49]} Na5 {[%clk 0:11:46]} 18. Bxb7
{[%clk 0:05:45]} Nxb7 {[%clk 0:11:55]} 19. Ke2 {[%clk 0:05:50]} Rfc8
{[%clk 0:11:38]} 20. Rd7 {[%clk 0:03:12]} Nc5 {[%clk 0:11:40]} 21. Rd4
{[%clk 0:03:21]} a6 {[%clk 0:10:11]} 22. Nd6 {[%clk 0:03:29]} Rd8
{[%clk 0:10:09]} 23. Rhd1 {[%clk 0:03:34]} Kf8 {[%clk 0:10:01]} 24. Nxf7
{[%clk 0:03:11]} Rxd4 {[%clk 0:10:02]} 25. cxd4 {[%clk 0:03:20]} Na4
{[%clk 0:09:32]} 26. Ng5 {[%clk 0:02:33]} Rc8 {[%clk 0:09:40]} 27. Rd2
{[%clk 0:01:32]} Ke7 {[%clk 0:09:46]} 28. Kd3 {[%clk 0:01:23]} h6
{[%clk 0:09:49]} 29. Ne4 {[%clk 0:01:32]} Rc1 {[%clk 0:09:54]} 30. b3
{[%clk 0:01:40]} b5 1-0

[Event "TeamRussiamenrapid"]
[Site "?"]
[Date "2016.10.05"]
[Round "3.3"]
[White "Timofeev, Artyom"]
[Black "Zablotsky, Sergei"]
[Result "1/2-1/2"]
[LiveChessVersion "1.4.4"]
[BlackElo "2493"]
[WhiteElo "2566"]

1. e4 {[%clk 0:15:17]} d6 {[%clk 0:15:09]} 2. d4 {[%clk 0:15:24]} Nf6
{[%clk 0:15:12]} 3. Bd3 {[%clk 0:15:22]} e5 {[%clk 0:15:10]} 4. c3
{[%clk 0:15:28]} Nc6 {[%clk 0:15:14]} 5. Nf3 {[%clk 0:15:03]} g6 {[%clk 0:15:21]}
6. O-O {[%clk 0:15:01]} Bg7 {[%clk 0:15:29]} 7. Re1 {[%clk 0:14:52]} O-O
{[%clk 0:15:35]} 8. Nbd2 {[%clk 0:14:58]} Nh5 {[%clk 0:15:26]} 9. Nb3
{[%clk 0:14:34]} a5 {[%clk 0:15:12]} 10. a4 {[%clk 0:14:33]} exd4
{[%clk 0:15:15]} 11. Nbxd4 {[%clk 0:14:33]} Bd7 {[%clk 0:15:10]} 12. Bg5
{[%clk 0:13:34]} Bf6 {[%clk 0:15:02]} 13. Bh6 {[%clk 0:13:33]} Bg7
{[%clk 0:13:59]} 14. Qd2 {[%clk 0:13:27]} Re8 {[%clk 0:13:33]} 15. Bg5
{[%clk 0:11:22]} Bf6 {[%clk 0:13:31]} 16. Bh6 {[%clk 0:11:28]} Bg7
{[%clk 0:13:39]} 17. Bg5 {[%clk 0:11:32]} Bf6 {[%clk 0:13:48]} 18. Bh6
{[%clk 0:11:37]} Bg7 {[%clk 0:13:55]} 1/2-1/2

[Event "TeamRussiamenrapid"]
[Site "?"]
[Date "2016.10.05"]
[Round "3.4"]
[White "Evdokimov, Alexander A."]
[Black "Sharafiev, Azat"]
[Result "1-0"]
[LiveChessVersion "1.4.4"]
[BlackElo "2534"]
[WhiteElo "2467"]

1. d4 {[%clk 0:15:18]} d6 {[%clk 0:15:11]} 2. e4 {[%clk 0:15:08]} Nf6
{[%clk 0:15:20]} 3. Bd3 {[%clk 0:15:13]} e5 {[%clk 0:15:18]} 4. c3
{[%clk 0:14:59]} Be7 {[%clk 0:13:34]} 5. Nf3 {[%clk 0:14:25]} Nbd7
{[%clk 0:13:41]} 6. O-O {[%clk 0:13:55]} O-O {[%clk 0:13:49]} 7. Re1
{[%clk 0:14:01]} c6 {[%clk 0:13:47]} 8. Nbd2 {[%clk 0:14:02]} Re8
{[%clk 0:13:44]} 9. a4 {[%clk 0:13:50]} b6 {[%clk 0:13:38]} 10. Nf1
{[%clk 0:13:41]} Bf8 {[%clk 0:13:36]} 11. Ng3 {[%clk 0:13:50]} g6
{[%clk 0:13:44]} 12. h3 {[%clk 0:13:24]} Bb7 {[%clk 0:13:37]} 13. a5
{[%clk 0:12:30]} bxa5 {[%clk 0:13:05]} 14. Qa4 {[%clk 0:12:19]} exd4
{[%clk 0:10:57]} 15. cxd4 {[%clk 0:12:25]} c5 {[%clk 0:11:06]} 16. d5
{[%clk 0:12:24]} c4 {[%clk 0:06:10]} 17. Bc2 {[%clk 0:12:33]} Nc5
{[%clk 0:05:57]} 18. Qxc4 {[%clk 0:10:53]} Ba6 {[%clk 0:06:06]} 19. Qd4
{[%clk 0:08:32]} Bg7 {[%clk 0:05:55]} 20. Qd1 {[%clk 0:08:41]} Nfd7
{[%clk 0:05:38]} 21. Ra2 {[%clk 0:05:39]} Qb6 {[%clk 0:04:56]} 22. Bd2
{[%clk 0:05:23]} Bc4 {[%clk 0:04:12]} 23. Bxa5 {[%clk 0:04:20]} Qb7
{[%clk 0:04:14]} 24. Ra3 {[%clk 0:03:10]} Bxb2 {[%clk 0:03:53]} 25. Rae3
{[%clk 0:03:19]} Qa6 {[%clk 0:03:09]} 26. Bc3 {[%clk 0:03:21]} Rab8
{[%clk 0:02:32]} 27. Nd4 {[%clk 0:03:20]} Ne5 {[%clk 0:02:26]} 28. Bxb2
{[%clk 0:02:14]} Rxb2 {[%clk 0:02:35]} 29. Qc1 {[%clk 0:02:23]} Qb6
{[%clk 0:02:07]} 30. Ngf5 {[%clk 0:02:31]} Kh8 {[%clk 0:00:47]} 31. Rg3
{[%clk 0:01:26]} Rxc2 {[%clk 0:00:37]} 32. Qh6 {[%clk 0:00:36]} Rg8
{[%clk 0:00:45]} 33. Nxc2 {[%clk 0:00:44]} Ncd3 {[%clk 0:00:19]} 34. Rf1
{[%clk 0:00:53]} Qd8 {[%clk 0:00:18]} 35. Nfe3 {[%clk 0:00:53]} Ba6
{[%clk 0:00:20]} 36. Nd4 {[%clk 0:01:01]} Nc5 {[%clk 0:00:26]} 37. Ra1
{[%clk 0:01:07]} Qb6 {[%clk 0:00:24]} 38. Qf4 {[%clk 0:00:58]} Ncd7
{[%clk 0:00:15]} 39. Nc6 {[%clk 0:00:51]} Nxc6 {[%clk 0:00:13]} 40. dxc6
{[%clk 0:01:00]} Qxc6 {[%clk 0:00:20]} 41. Qxf7 {[%clk 0:01:09]} Rf8
{[%clk 0:00:13]} 42. Qe7 {[%clk 0:01:07]} Kg8 {[%clk 0:00:12]} 43. Rxa6
{[%clk 0:00:52]} Qxa6 {[%clk 0:00:21]} 44. Qxd7 {[%clk 0:01:01]} Qa1+
{[%clk 0:00:30]} 45. Nf1 {[%clk 0:00:34]} Qd4 {[%clk 0:00:38]} 46. Qe6+
{[%clk 0:00:39]} Kh8 {[%clk 0:00:45]} 47. Rf3 {[%clk 0:00:47]} Rxf3
{[%clk 0:00:52]} 48. gxf3 {[%clk 0:00:55]} a5 {[%clk 0:00:44]} 49. Qe8+
{[%clk 0:00:57]} Kg7 {[%clk 0:00:53]} 50. Qe7+ {[%clk 0:01:06]} Kh6
{[%clk 0:00:59]} 51. Ne3 {[%clk 0:01:12]} Qa1+ {[%clk 0:00:29]} 52. Kg2
{[%clk 0:01:21]} g5 {[%clk 0:00:38]} 53. Qxd6+ {[%clk 0:01:23]} Kh5
{[%clk 0:00:46]} 54. Nf5 {[%clk 0:01:22]} 1-0

[Event "TeamRussiamenrapid"]
[Site "?"]
[Date "2016.10.05"]
[Round "3.5"]
[White "Alekseev, Evgeny"]
[Black "Bologan, Victor"]
[Result "0-1"]
[LiveChessVersion "1.4.4"]
[BlackElo "2569"]
[WhiteElo "2688"]

1. e4 {[%clk 0:15:17]} g6 {[%clk 0:13:44]} 2. d4 {[%clk 0:15:20]} Bg7
{[%clk 0:13:53]} 3. Nf3 {[%clk 0:15:21]} d6 {[%clk 0:14:02]} 4. Bd3
{[%clk 0:15:20]} c5 {[%clk 0:13:47]} 5. d5 {[%clk 0:14:33]} Nf6 {[%clk 0:13:44]}
6. O-O {[%clk 0:12:34]} O-O {[%clk 0:13:49]} 7. c4 {[%clk 0:11:13]} e6
{[%clk 0:12:18]} 8. Nc3 {[%clk 0:09:08]} exd5 {[%clk 0:12:22]} 9. exd5
{[%clk 0:09:08]} Bg4 {[%clk 0:12:16]} 10. h3 {[%clk 0:08:24]} Bxf3
{[%clk 0:12:25]} 11. Qxf3 {[%clk 0:08:33]} Nbd7 {[%clk 0:12:29]} 12. Qd1
{[%clk 0:07:55]} Re8 {[%clk 0:09:39]} 13. Bf4 {[%clk 0:08:03]} Ne5
{[%clk 0:09:46]} 14. Be2 {[%clk 0:08:09]} a6 {[%clk 0:08:49]} 15. Qc2
{[%clk 0:08:16]} Nfd7 {[%clk 0:08:05]} 16. Rae1 {[%clk 0:08:15]} f5
{[%clk 0:07:59]} 17. Bd2 {[%clk 0:07:24]} Qh4 {[%clk 0:07:48]} 18. Nd1
{[%clk 0:06:18]} f4 {[%clk 0:06:12]} 19. f3 {[%clk 0:05:46]} Nf7 {[%clk 0:05:42]}
20. Nf2 {[%clk 0:05:49]} Bd4 {[%clk 0:05:36]} 21. Bc3 {[%clk 0:05:27]} Re3
{[%clk 0:05:45]} 22. Bxd4 {[%clk 0:03:35]} cxd4 {[%clk 0:05:40]} 23. Rd1
{[%clk 0:03:22]} Rae8 {[%clk 0:04:38]} 24. Ne4 R8xe4 25. fxe4 {[%clk 0:03:30]}
Nde5 {[%clk 0:04:21]} 26. Bg4 {[%clk 0:02:52]} Nxg4 {[%clk 0:03:23]} 27. hxg4
{[%clk 0:02:59]} Qxg4 {[%clk 0:03:14]} 28. Rd2 {[%clk 0:01:26]} Ng5
{[%clk 0:02:30]} 29. c5 {[%clk 0:01:31]} d3 {[%clk 0:02:01]} 30. c6
{[%clk 0:00:28]} dxc2 {[%clk 0:01:24]} 31. cxb7 {[%clk 0:00:37]} Nf3+
{[%clk 0:01:28]} 0-1

[Event "TeamRussiamenrapid"]
[Site "?"]
[Date "2016.10.05"]
[Round "3.6"]
[White "Ponkratov, Pavel"]
[Black "Romanov, Evgeny"]
[Result "1-0"]
[LiveChessVersion "1.4.4"]
[BlackElo "2621"]
[WhiteElo "2654"]

1. g3 {[%clk 0:15:18]} Nf6 {[%clk 0:15:16]} 2. Bg2 {[%clk 0:15:27]} d5
{[%clk 0:15:25]} 3. Nf3 {[%clk 0:15:36]} c6 {[%clk 0:15:34]} 4. O-O
{[%clk 0:15:43]} Bg4 {[%clk 0:15:43]} 5. h3 {[%clk 0:15:53]} Bxf3
{[%clk 0:15:45]} 6. Bxf3 {[%clk 0:16:02]} e5 {[%clk 0:15:54]} 7. Bg2
{[%clk 0:15:53]} Nbd7 {[%clk 0:15:53]} 8. d3 {[%clk 0:15:22]} Bc5
{[%clk 0:15:59]} 9. c4 {[%clk 0:15:30]} dxc4 {[%clk 0:16:01]} 10. dxc4
{[%clk 0:15:38]} O-O {[%clk 0:16:03]} 11. Nc3 {[%clk 0:15:47]} a5
{[%clk 0:16:10]} 12. Qc2 {[%clk 0:15:55]} Qe7 {[%clk 0:16:07]} 13. Rd1
{[%clk 0:14:55]} Rfd8 {[%clk 0:16:03]} 14. a3 {[%clk 0:14:48]} Nb6
{[%clk 0:15:00]} 15. Rxd8+ {[%clk 0:14:12]} Rxd8 {[%clk 0:14:29]} 16. b3
{[%clk 0:14:19]} Qe6 {[%clk 0:11:34]} 17. Rb1 {[%clk 0:12:42]} h5
{[%clk 0:11:32]} 18. b4 {[%clk 0:10:04]} axb4 {[%clk 0:11:37]} 19. axb4
{[%clk 0:10:13]} Bd4 {[%clk 0:09:23]} 20. c5 {[%clk 0:10:06]} Qc4
{[%clk 0:05:38]} 21. cxb6 {[%clk 0:09:41]} Qxc3 {[%clk 0:05:46]} 22. Qxc3
{[%clk 0:09:24]} Bxc3 {[%clk 0:05:55]} 23. Bg5 {[%clk 0:09:32]} Rd6
{[%clk 0:04:26]} 24. Bxf6 {[%clk 0:05:55]} Rxf6 {[%clk 0:04:02]} 25. e3
{[%clk 0:06:03]} g6 {[%clk 0:03:05]} 26. Kf1 {[%clk 0:06:05]} Rd6
{[%clk 0:03:02]} 27. g4 {[%clk 0:05:15]} f5 {[%clk 0:02:36]} 28. gxf5
{[%clk 0:02:37]} gxf5 {[%clk 0:02:45]} 29. h4 {[%clk 0:02:46]} e4
{[%clk 0:02:32]} 30. Bh3 {[%clk 0:02:55]} Rd5 {[%clk 0:02:37]} 31. Rb3
{[%clk 0:03:02]} Bf6 {[%clk 0:02:07]} 32. Ra3 {[%clk 0:03:11]} Rb5
{[%clk 0:01:55]} 33. Ra5 {[%clk 0:03:05]} Rxb6 {[%clk 0:00:47]} 34. Rxf5
{[%clk 0:03:12]} Kg7 {[%clk 0:00:54]} 35. Rxh5 {[%clk 0:03:11]} Rxb4
{[%clk 0:01:02]} 36. Bf5 {[%clk 0:03:21]} Bc3 {[%clk 0:00:40]} 37. Rh7+
{[%clk 0:03:22]} Kf6 {[%clk 0:00:48]} 38. Bc8 {[%clk 0:03:31]} Rb1+
{[%clk 0:00:19]} 39. Kg2 {[%clk 0:03:40]} Rb2 {[%clk 0:00:27]} 40. Rxb7
{[%clk 0:03:49]} Rc2 {[%clk 0:00:14]} 41. Rb1 {[%clk 0:03:45]} c5
{[%clk 0:00:18]} 42. Bb7 {[%clk 0:03:45]} Ke5 {[%clk 0:00:24]} 43. h5
{[%clk 0:03:52]} c4 {[%clk 0:00:28]} 44. Rb5+ {[%clk 0:03:57]} Ke6
{[%clk 0:00:30]} 45. Bxe4 {[%clk 0:04:04]} Rd2 {[%clk 0:00:33]} 46. Rc5
{[%clk 0:04:09]} Kd5 1-0

[Event "TeamRussiamenrapid"]
[Site "?"]
[Date "2016.10.05"]
[Round "3.7"]
[White "Levin, Evgeny A."]
[Black "Khismatullin, Denis"]
[Result "1-0"]
[LiveChessVersion "1.4.4"]
[BlackElo "2668"]
[WhiteElo "2585"]

1. d4 {[%clk 0:15:18]} Nf6 {[%clk 0:15:19]} 2. c4 {[%clk 0:15:27]} e6
{[%clk 0:15:24]} 3. Nf3 {[%clk 0:15:34]} d5 {[%clk 0:15:29]} 4. Nc3
{[%clk 0:15:41]} Nbd7 {[%clk 0:15:33]} 5. e3 {[%clk 0:15:19]} Be7
{[%clk 0:14:32]} 6. b3 {[%clk 0:15:08]} O-O {[%clk 0:14:33]} 7. Bb2
{[%clk 0:15:16]} b6 {[%clk 0:14:40]} 8. cxd5 {[%clk 0:15:04]} exd5
{[%clk 0:14:43]} 9. Bd3 {[%clk 0:15:07]} Bb7 {[%clk 0:14:52]} 10. O-O
{[%clk 0:15:14]} a6 {[%clk 0:14:52]} 11. Rc1 {[%clk 0:15:17]} Bd6
{[%clk 0:14:58]} 12. Ne2 {[%clk 0:15:22]} Qe7 {[%clk 0:14:50]} 13. Ng3
{[%clk 0:15:29]} g6 {[%clk 0:14:59]} 14. Qc2 {[%clk 0:14:21]} Rac8
{[%clk 0:14:15]} 15. Qe2 {[%clk 0:14:22]} b5 {[%clk 0:14:22]} 16. a4
{[%clk 0:12:44]} c6 {[%clk 0:14:23]} 17. Nd2 {[%clk 0:11:34]} Rfe8
{[%clk 0:14:02]} 18. Rc2 {[%clk 0:11:37]} h5 {[%clk 0:13:54]} 19. Nf3
{[%clk 0:11:23]} Ne4 {[%clk 0:13:34]} 20. Rfc1 {[%clk 0:10:24]} h4
{[%clk 0:10:32]} 21. Nf1 {[%clk 0:09:43]} f5 {[%clk 0:09:38]} 22. Ra1
{[%clk 0:09:20]} Bb8 {[%clk 0:08:42]} 23. axb5 {[%clk 0:09:12]} axb5
{[%clk 0:07:57]} 24. Ne1 {[%clk 0:08:27]} h3 {[%clk 0:06:15]} 25. f3
{[%clk 0:07:57]} Kf7 {[%clk 0:04:43]} 26. g3 {[%clk 0:07:14]} Ndf6
{[%clk 0:04:22]} 27. Qd1 {[%clk 0:06:33]} Ng5 {[%clk 0:04:06]} 28. f4
{[%clk 0:06:14]} Nge4 {[%clk 0:03:58]} 29. Nf3 {[%clk 0:06:21]} Bd6
{[%clk 0:01:30]} 30. Ne5+ {[%clk 0:05:32]} Bxe5 {[%clk 0:01:35]} 31. dxe5
{[%clk 0:05:11]} Ng4 {[%clk 0:01:44]} 32. Bxe4 {[%clk 0:05:18]} dxe4
{[%clk 0:01:51]} 33. Rd2 {[%clk 0:04:52]} Red8 {[%clk 0:00:56]} 34. Ra7
{[%clk 0:04:49]} Rxd2 {[%clk 0:00:49]} 35. Qxd2 {[%clk 0:04:57]} Rc7
{[%clk 0:00:25]} 36. e6+ {[%clk 0:00:55]} Kxe6 {[%clk 0:00:26]} 37. Qc3
{[%clk 0:00:50]} c5 {[%clk 0:00:29]} 38. Qh8 {[%clk 0:00:45]} Kd6
{[%clk 0:00:19]} 39. Qg8 {[%clk 0:00:36]} Qe6 40. Qf8+ {[%clk 0:00:34]} Kc6
{[%clk 0:00:25]} 41. b4 Qd6 {[%clk 0:00:23]} 42. Qe8+ {[%clk 0:00:32]} Rd7
{[%clk 0:00:20]} 43. bxc5 {[%clk 0:00:28]} Qd5 {[%clk 0:00:12]} 44. Qxg6+
{[%clk 0:00:20]} Kxc5 {[%clk 0:00:17]} 45. Bd4+ {[%clk 0:00:24]} Kc4
{[%clk 0:00:26]} 46. Ra3 {[%clk 0:00:13]} b4 {[%clk 0:00:30]} 47. Nd2+
{[%clk 0:00:18]} 1-0

[Event "TeamRussiamenrapid"]
[Site "?"]
[Date "2016.10.05"]
[Round "3.8"]
[White "Pridorozhni, Aleksei"]
[Black "Usmanov, Vasily"]
[Result "1/2-1/2"]
[LiveChessVersion "1.4.4"]
[BlackElo "2443"]
[WhiteElo "2628"]

1. e4 {[%clk 0:15:18]} d5 {[%clk 0:15:19]} 2. Nc3 {[%clk 0:15:23]} dxe4 3. Nxe4
{[%clk 0:15:32]} Bf5 {[%clk 0:15:32]} 4. Ng3 {[%clk 0:15:38]} Bg6
{[%clk 0:15:37]} 5. Nf3 {[%clk 0:15:44]} e6 {[%clk 0:15:33]} 6. h4
{[%clk 0:14:15]} h6 {[%clk 0:15:28]} 7. Ne5 {[%clk 0:14:06]} Ne7 {[%clk 0:14:39]}
8. Nxg6 {[%clk 0:13:28]} Nxg6 {[%clk 0:14:44]} 9. h5 {[%clk 0:13:34]} Ne7
{[%clk 0:14:10]} 10. d4 {[%clk 0:13:33]} Nbc6 {[%clk 0:14:08]} 11. c3
{[%clk 0:12:58]} e5 {[%clk 0:14:06]} 12. Qb3 {[%clk 0:09:29]} exd4
{[%clk 0:14:02]} 13. Bc4 {[%clk 0:08:43]} Ne5 {[%clk 0:14:05]} 14. Qxb7
{[%clk 0:08:20]} Rb8 {[%clk 0:07:47]} 15. Qa6 {[%clk 0:08:28]} Nxc4
{[%clk 0:07:03]} 16. Qxc4 {[%clk 0:08:36]} dxc3 {[%clk 0:07:06]} 17. Qxc3
{[%clk 0:04:02]} Nd5 {[%clk 0:07:08]} 18. Qc6+ {[%clk 0:04:07]} Qd7
{[%clk 0:07:10]} 19. Qxd7+ {[%clk 0:04:15]} Kxd7 {[%clk 0:07:19]} 20. O-O
{[%clk 0:04:19]} Bd6 {[%clk 0:07:10]} 1/2-1/2

[Event "TeamRussiamenrapid"]
[Site "?"]
[Date "2016.10.05"]
[Round "3.9"]
[White "Dubov, Daniil"]
[Black "Fedoseev, Vladimir"]
[Result "1/2-1/2"]
[LiveChessVersion "1.4.4"]
[BlackElo "2740"]
[WhiteElo "2690"]

1. d4 {[%clk 0:15:17]} d5 {[%clk 0:15:14]} 2. c4 {[%clk 0:15:12]} e6
{[%clk 0:15:22]} 3. Nc3 {[%clk 0:15:12]} Nf6 {[%clk 0:14:59]} 4. cxd5
{[%clk 0:15:19]} exd5 {[%clk 0:15:04]} 5. Bg5 {[%clk 0:15:27]} Nbd7
{[%clk 0:15:09]} 6. e3 {[%clk 0:15:33]} c6 {[%clk 0:15:18]} 7. Bd3
{[%clk 0:15:37]} Be7 {[%clk 0:15:07]} 8. Nge2 {[%clk 0:15:37]} Nf8
{[%clk 0:14:17]} 9. O-O {[%clk 0:15:24]} Ne6 {[%clk 0:14:10]} 10. Bh4
{[%clk 0:15:24]} O-O {[%clk 0:14:16]} 11. Qc2 {[%clk 0:15:09]} g6
{[%clk 0:14:06]} 12. Rad1 {[%clk 0:14:58]} b6 {[%clk 0:13:02]} 13. Qb1
{[%clk 0:13:07]} Ng7 {[%clk 0:12:09]} 14. f3 {[%clk 0:12:57]} Bd7
{[%clk 0:10:44]} 15. e4 {[%clk 0:11:40]} Bc8 {[%clk 0:09:31]} 16. e5
{[%clk 0:09:42]} Nfe8 {[%clk 0:09:36]} 17. Bf2 {[%clk 0:07:47]} Nc7
{[%clk 0:09:22]} 18. f4 {[%clk 0:07:38]} f6 {[%clk 0:08:45]} 19. b4
{[%clk 0:07:17]} Nf5 {[%clk 0:07:46]} 20. b5 {[%clk 0:06:41]} fxe5
{[%clk 0:06:22]} 21. dxe5 {[%clk 0:06:42]} c5 {[%clk 0:06:08]} 22. Bc4
{[%clk 0:05:48]} Be6 {[%clk 0:06:08]} 23. Nxd5 {[%clk 0:04:47]} Nxd5
{[%clk 0:04:59]} 24. Qb3 {[%clk 0:04:42]} Kh8 {[%clk 0:01:18]} 25. Bxd5
{[%clk 0:04:36]} Bxd5 {[%clk 0:01:27]} 26. Rxd5 {[%clk 0:04:43]} Qe8
{[%clk 0:01:37]} 27. Rfd1 {[%clk 0:03:27]} a6 {[%clk 0:01:42]} 28. bxa6
{[%clk 0:03:00]} Rxa6 {[%clk 0:01:48]} 29. g4 {[%clk 0:02:50]} Nh6
{[%clk 0:01:12]} 30. h3 {[%clk 0:02:51]} Qa8 {[%clk 0:01:20]} 31. Rd7
{[%clk 0:01:51]} Ng8 {[%clk 0:01:18]} 32. R1d2 {[%clk 0:01:48]} Ra3
{[%clk 0:01:23]} 33. Qd5 {[%clk 0:01:50]} Qxd5 {[%clk 0:01:25]} 34. R7xd5
{[%clk 0:01:57]} Rxh3 {[%clk 0:01:24]} 35. R5d3 {[%clk 0:00:36]} Rxd3
{[%clk 0:01:29]} 36. Rxd3 {[%clk 0:00:44]} Nh6 {[%clk 0:01:01]} 37. Rd7
{[%clk 0:00:53]} Re8 {[%clk 0:01:08]} 38. g5 {[%clk 0:01:01]} Nf5
{[%clk 0:01:13]} 39. Nc3 {[%clk 0:01:10]} h6 {[%clk 0:00:48]} 40. gxh6
{[%clk 0:01:16]} g5 {[%clk 0:00:31]} 41. fxg5 {[%clk 0:01:10]} Bxg5
{[%clk 0:00:36]} 42. Nd5 {[%clk 0:00:32]} Rxe5 {[%clk 0:00:31]} 43. Nxb6
{[%clk 0:00:40]} Bxh6 {[%clk 0:00:30]} 44. a4 {[%clk 0:00:44]} Re2
{[%clk 0:00:18]} 45. Bxc5 {[%clk 0:00:48]} Ra2 {[%clk 0:00:21]} 46. Rd5
{[%clk 0:00:31]} Ng3 {[%clk 0:00:25]} 47. a5 {[%clk 0:00:15]} Kh7
{[%clk 0:00:26]} 48. Bf2 {[%clk 0:00:12]} Ne4 {[%clk 0:00:21]} 49. Bd4
{[%clk 0:00:14]} Ng3 {[%clk 0:00:30]} 50. Bf2 {[%clk 0:00:16]} Ne4
{[%clk 0:00:38]} 51. Be1 {[%clk 0:00:13]} Ra1 {[%clk 0:00:41]} 52. Kg2
{[%clk 0:00:15]} Rxe1 {[%clk 0:00:41]} 53. Re5 {[%clk 0:00:23]} Re2+
{[%clk 0:00:43]} 54. Kf3 {[%clk 0:00:22]} Re3+ {[%clk 0:00:50]} 55. Kg2
{[%clk 0:00:24]} Rg3+ {[%clk 0:00:57]} 56. Kf1 {[%clk 0:00:30]} Nd2+
{[%clk 0:00:57]} 57. Ke2 {[%clk 0:00:36]} Ra3 {[%clk 0:00:44]} 58. Re7+
{[%clk 0:00:44]} Kg8 {[%clk 0:00:37]} 59. Re6 {[%clk 0:00:51]} Kg7
{[%clk 0:00:23]} 60. Rxh6 {[%clk 0:00:58]} Kxh6 {[%clk 0:00:25]} 61. Kxd2
{[%clk 0:01:07]} Rxa5 {[%clk 0:00:34]} 62. Nc4 {[%clk 0:01:10]} Rd5+
{[%clk 0:00:42]} 63. Ke3 {[%clk 0:01:16]} Kg5 {[%clk 0:00:48]} 64. Ke4
{[%clk 0:01:24]} Rd1 {[%clk 0:00:55]} 65. Ne3 {[%clk 0:01:32]} Re1
{[%clk 0:01:00]} 66. Kf3 {[%clk 0:01:41]} Kf6 {[%clk 0:00:55]} 67. Ke4
{[%clk 0:01:48]} Ke6 {[%clk 0:00:58]} 68. Kd4 {[%clk 0:01:57]} Rh1
{[%clk 0:01:02]} 69. Ke4 {[%clk 0:01:58]} Rh4+ {[%clk 0:01:02]} 70. Kd3
{[%clk 0:02:08]} Rf4 {[%clk 0:01:01]} 71. Nc4 {[%clk 0:02:14]} Ke5
{[%clk 0:15:10]} 72. Ke4+ 1/2-1/2